Datum a čas kvízu
38.5
Celkem bodů
Celkový počet nahraných bodů na tomto kvízu bez doplňovacích otázek.
2.
Pořadí na kvízu
Konečné umístění týmu na tomto kvízu.
Zaznamenané odpovědi
| # | Otázka | Odpověď | Body | Výsledky |
|---|---|---|---|---|
| 1. | Ředitel pražské zoologické zah... | Miroslav Bobek | 1 | |
| 2. | Minulé pondělí byly oznámeny k... | Moldavsko (Moldávie) | 1 | |
| 3. | Na filmovém festivalu v Curych... | Byla vytvořena umělou inteligencí (AI). | 1 | |
| 4. | Minulý týden bylo oznámeno, že... | Electronic Arts (EA) | 1 | |
| 5. | Česká republika má od minulého... | Linda Nosková | 1 | |
| 6. | Wikipedii s nejvyšší pravděpod... | z havajštiny | 1 | |
| 7. | Fanoušci kvízu občas jistě se... | A | 0 | |
| 8. | Dobrým zdrojem informací jsou... | Jsi chytřejší než páťák? | 1 | |
| 9. | Mnemotechnické pomůcky se hodí... | barvy duhy (pořadí) | 0 | |
| 10. | Někdy však k úspěchu v kvízu s... | 1C 2D 3B 4A | 1 |